000 01178cam a22003375i 4500
001 21604369
003 OSt
005 20231211121145.0
008 200709s2019 ii 000 0 eng
010 _a 2020328812
020 _a9789353904654
020 _a9789388689786
_q(hardback)
025 _aI-E-2020328812
037 _bLibrary of Congress -- New Delhi Overseas Office
040 _aDLC
_beng
_erda
_cDLC
_dDLC
042 _alcode
043 _aa-ii---
082 _a954
_bPIL/G
100 _aPillai, Manu S
_d1990-
_eauthor.
_93242
245 1 4 _aGANIKAYUM GANDHIYUM ITALIAN BRAHMANANUM = The Courtesan, the Mahatma & the Italian Brahmin :
_btales from Indian history /
_cManu S. Pillai.
246 3 _aCourtesan, the Mahatma and the Italian Brahmin
264 1 _aChennai :
_bWestland Publications,
_c2019.
300 _a384 pages :
_billustrations
336 _atext
_btxt
_2rdacontent
337 _aunmediated
_bn
_2rdamedia
338 _avolume
_bnc
_2rdacarrier
651 0 _aIndia
_xHistory.
906 _a7
_bpar
_corigode
_d3
_encip
_f20
_gy-gencatlg
942 _2ddc
_cBK
_h954
_iPIL/G
_k954
_mPIL/G
999 _c44162
_d44162